00998caa a22002057a 4500003000800000008004100008039003300049040002600082080001700108100003000125245011500155260010600270300002300376502017200399650006800571650003300639942000700672999001700679952009600696BI-BuBU140314s2006 bd ||||| |||| 00| 0 eng d a20140318102251.0bVerhasselt aBI-BuBUbfrecBI-BuBU0 aR.372.880.201 4autaNsengiyumva, Fabiola12aA proposal to apply the communicative approach to the texbook english skills for 5th formcFabiola Nsengiyumva aBujumburabUniversity of Burundi, Institute for Applied Pedagogy, English - kirundi Departmentc2006 aV - 103 f.c30 cm. aA Thesis submitted in partial fulfilment of the requirements for the degre of "Licence en Pédagogie Appliquée, Agrégée de l'Enseignement Secondaire en Anglais" 7aAnglais (langue). Enseignement. Manuel. Proposition. 9e année 7aCUD. DataWinIsis. Verhasselt cBK c25255d25255 00102udc4070937646aBCbBCd2014-03-25l0oR.372.880.20.NSEr2014-03-25w2014-03-25yBK